[Event "Europa ch 2014"]
[Site "Yerevan ARM"]
[Date "2014.03.03"]
[Round "1.99"]
[White "Avetisyan, Ashot"]
[Black "Anton Guijarro, David"]
[Result "0-1"]
[WhiteElo "2121"]
[BlackElo "2559"]
[PlyCount "92"]
[EventDate "2014.03.03"]
[EventType "swiss"]
[EventRounds "11"]
[EventCountry "ARM"]
[Source "lmi"]
[SourceDate "2014.03.02"]

1. d4 Nf6 2. c4 e6 3. Nf3 Bb4+ 4. Bd2 Qe7 5. e3 Bxd2+ 6. Qxd2 b6 7. Be2 Bb7 8.
O-O O-O 9. Nc3 h6 10. Qc2 d6 11. Rfd1 Nbd7 12. b4 Rfd8 13. a3 c5 14. d5 exd5
15. Nxd5 Nxd5 16. cxd5 Nf6 17. Qb3 Qe4 18. Bd3 Qe7 19. Bc2 Rac8 20. e4 Ng4 21.
h3 Ne5 22. Nd2 b5 23. bxc5 Rxc5 24. Bd3 a6 25. Bf1 Qc7 26. Qb2 Rc2 27. Qd4 Bc8
28. Nb3 Bxh3 29. f4 Bg4 30. fxe5 Bxd1 31. Qxd1 dxe5 32. Nd2 f5 33. Bd3 Rc3 34.
Nf3 Qc5+ 35. Kh1 Qe3 36. Nxe5 fxe4 37. Bf1 Qg5 38. Qd4 Rc1 39. Rxc1 Qxc1 40. d6
Qxf1+ 41. Kh2 Qf5 42. Qd5+ Kh7 43. g4 Qf4+ 44. Kh3 Qe3+ 45. Kh2 Rf8 46. Ng6 Rf4
0-1

[Event "Europa ch 2014"]
[Site "Yerevan ARM"]
[Date "2014.03.03"]
[Round "1.100"]
[White "Yilmaz, Mustafa"]
[Black "Hudyakov, Sergey"]
[Result "1-0"]
[WhiteElo "2557"]
[BlackElo "2107"]
[PlyCount "77"]
[EventDate "2014.03.03"]
[EventType "swiss"]
[EventRounds "11"]
[EventCountry "ARM"]
[Source "lmi"]
[SourceDate "2014.03.02"]

1. Nf3 d5 2. c4 e6 3. g3 Nf6 4. Bg2 Be7 5. d4 O-O 6. Qc2 c5 7. O-O b6 8. Rd1
Bb7 9. Nc3 Qc8 10. cxd5 cxd4 11. Nxd4 Bxd5 12. Nxd5 Nxd5 13. Qxc8 Rxc8 14. Nxe6
fxe6 15. Rxd5 exd5 16. Bxd5+ Kf8 17. Bxa8 Nc6 18. Bb7 Rc7 19. Bxc6 Rxc6 20. Kf1
Bf6 21. Ke1 Bd4 22. Rb1 Rc2 23. Kd1 Rc5 24. e3 Bf6 25. Bd2 Ke8 26. b3 Kd7 27.
Rc1 Rh5 28. h4 g6 29. Ke2 Be7 30. e4 Re5 31. f3 Re6 32. Bf4 Bc5 33. Rd1+ Kc6
34. Rd8 Kb5 35. Rd7 a5 36. Rxh7 Kb4 37. Rd7 Kc3 38. Be3 Be7 39. Bxb6 1-0

[Event "Europa ch 2014"]
[Site "Yerevan ARM"]
[Date "2014.03.03"]
[Round "1.101"]
[White "Hakobyan, Aram"]
[Black "Mastrovasilis, Athanasios"]
[Result "1-0"]
[WhiteElo "2103"]
[BlackElo "2554"]
[PlyCount "87"]
[EventDate "2014.03.03"]
[EventType "swiss"]
[EventRounds "11"]
[EventCountry "ARM"]
[Source "lmi"]
[SourceDate "2014.03.02"]

1. d4 Nf6 2. c4 e6 3. Nf3 c5 4. d5 exd5 5. cxd5 g6 6. Nc3 Bg7 7. h3 O-O 8. Bf4
Re8 9. e3 Ne4 10. Nxe4 Rxe4 11. Rb1 Qa5+ 12. Nd2 Rb4 13. Qc1 d6 14. Bxd6 Na6
15. a3 Rb6 16. Bxa6 Rxd6 17. Bc4 b5 18. Be2 Bf5 19. e4 Re8 20. O-O Rxd5 21. b4
cxb4 22. Bf3 bxa3 23. Nb3 Qa4 24. exd5 Rc8 25. Qe3 Bxb1 26. Rxb1 a2 27. Rd1 b4
28. d6 Qd7 29. Qe2 a5 30. Bg4 f5 31. Bf3 a4 32. Bd5+ Kh8 33. Be6 Re8 34. Bxd7
Rxe2 35. Bxa4 Bf6 36. d7 Rb2 37. d8=Q+ Bxd8 38. Rxd8+ Kg7 39. Rd1 Rb1 40. Na1
Kf6 41. Kf1 Rb2 42. Re1 Kg5 43. Rc1 Kh4 44. Bc2 1-0

[Event "Europa ch 2014"]
[Site "Yerevan ARM"]
[Date "2014.03.03"]
[Round "1.102"]
[White "Halkias, Stelios"]
[Black "Imnadze, Nato"]
[Result "1-0"]
[WhiteElo "2551"]
[BlackElo "2100"]
[PlyCount "55"]
[EventDate "2014.03.03"]
[EventType "swiss"]
[EventRounds "11"]
[EventCountry "ARM"]
[Source "lmi"]
[SourceDate "2014.03.02"]

1. d4 d5 2. Nf3 Nf6 3. c4 c6 4. Qc2 e6 5. g3 Nbd7 6. Bg2 Bd6 7. O-O O-O 8. Nbd2
Qe7 9. Re1 b6 10. e4 dxe4 11. Nxe4 Bb4 12. Nxf6+ Nxf6 13. Re2 Bb7 14. Bg5 Rac8
15. Ne5 Rfd8 16. Ng4 Rxd4 17. Bxf6 gxf6 18. Nh6+ Kf8 19. Nf5 Qd7 20. Nxd4 Qxd4
21. Rd1 Qg4 22. Rd7 Ba6 23. Rxa7 Qg6 24. Qxg6 hxg6 25. b3 Rd8 26. Bxc6 Rd6 27.
Bb5 Kg8 28. Rd7 1-0

[Event "Europa ch 2014"]
[Site "Yerevan ARM"]
[Date "2014.03.03"]
[Round "1.103"]
[White "Sargsyan, Shushanna"]
[Black "Kovalev, Vladislav"]
[Result "0-1"]
[WhiteElo "2093"]
[BlackElo "2548"]
[PlyCount "74"]
[EventDate "2014.03.03"]
[EventType "swiss"]
[EventRounds "11"]
[EventCountry "ARM"]
[Source "lmi"]
[SourceDate "2014.03.02"]

1. c4 Nf6 2. Nc3 g6 3. d4 Bg7 4. e4 d6 5. h3 O-O 6. Nf3 e5 7. d5 Nh5 8. Qc2 a5
9. Be3 Na6 10. Qd2 Nc5 11. g4 Nf4 12. Nxe5 Nxe4 13. Nxe4 dxe5 14. O-O-O f5 15.
gxf5 Bxf5 16. f3 Qh4 17. Qf2 Qxf2 18. Nxf2 Rad8 19. Ne4 Bh6 20. Kc2 Kg7 21. h4
c6 22. Bxf4 Bxe4+ 23. fxe4 Rxf4 24. Bd3 Rf2+ 25. Kb3 Be3 26. a4 Bd4 27. Bc2
cxd5 28. exd5 Rd6 29. c5 Rxd5 30. Rhf1 Re2 31. Rfe1 Rf2 32. Rf1 Rg2 33. Be4
Rxb2+ 34. Ka3 Rxc5 35. Rxd4 Re2 36. Rd7+ Kh6 37. Bd5 Rd2 0-1

[Event "Europa ch 2014"]
[Site "Yerevan ARM"]
[Date "2014.03.03"]
[Round "1.104"]
[White "Dzagnidze, Nana"]
[Black "Erenberg, Ariel"]
[Result "1-0"]
[WhiteElo "2546"]
[BlackElo "2092"]
[PlyCount "109"]
[EventDate "2014.03.03"]
[EventType "swiss"]
[EventRounds "11"]
[EventCountry "ARM"]
[Source "lmi"]
[SourceDate "2014.03.02"]

1. c4 c5 2. Nc3 Nf6 3. g3 Nc6 4. Bg2 g6 5. a3 Bg7 6. Rb1 O-O 7. b4 cxb4 8. axb4
d6 9. Nf3 Re8 10. O-O Bf5 11. d3 Qd7 12. b5 Nd8 13. Re1 e5 14. Ba3 e4 15. Nh4
exd3 16. e4 Be6 17. Qxd3 Ng4 18. Nd5 Ne5 19. Qb3 Rc8 20. Bf1 Bxd5 21. cxd5 Bf6
22. Ng2 Qg4 23. Re3 Qd7 24. f3 b6 25. Rd1 Nb7 26. Qa2 Nc5 27. Bb2 Bg7 28. Ne1
Qe7 29. Bd4 Rc7 30. Nc2 Bh6 31. Ra3 Nb7 32. Nb4 Na5 33. Nc6 Naxc6 34. dxc6 Bf8
35. Qd5 Qe6 36. Rda1 Qxd5 37. exd5 Bg7 38. Bxe5 Bxe5 39. Rxa7 Ree7 40. Rxc7
Rxc7 41. Ra8+ Kg7 42. Bh3 Kf6 43. Bd7 Bd4+ 44. Kg2 Ke7 45. f4 h5 46. Kf3 Rxd7
47. cxd7 Kxd7 48. Ra7+ Ke8 49. g4 hxg4+ 50. Kxg4 Kf8 51. f5 Kg7 52. fxg6 Kxg6
53. Ra8 f5+ 54. Kf3 Bg1 55. Rg8+ 1-0

[Event "Europa ch 2014"]
[Site "Yerevan ARM"]
[Date "2014.03.03"]
[Round "1.105"]
[White "Bykov, Egor"]
[Black "Aleksandrov, Aleksej"]
[Result "1/2-1/2"]
[WhiteElo "2089"]
[BlackElo "2544"]
[PlyCount "132"]
[EventDate "2014.03.03"]
[EventType "swiss"]
[EventRounds "11"]
[EventCountry "ARM"]
[Source "lmi"]
[SourceDate "2014.03.02"]

1. d4 g6 2. Nf3 Bg7 3. Bf4 d6 4. e3 Nd7 5. Nbd2 e5 6. dxe5 dxe5 7. Bg3 Ne7 8.
e4 O-O 9. Bc4 c6 10. a4 Qc7 11. O-O a5 12. Ne1 Nf6 13. f3 b5 14. Be2 Rd8 15.
Nd3 Nh5 16. Bf2 Be6 17. Nb3 Nf4 18. Nbc5 Bc4 19. Qe1 Nxe2+ 20. Qxe2 f6 21. b3
Bf7 22. Nb2 Nc8 23. axb5 cxb5 24. Qxb5 Rd2 25. Nc4 Rxc2 26. Rxa5 Rxa5 27. Qxa5
Qxa5 28. Nxa5 Nd6 29. Rd1 Nb5 30. Be3 Nd4 31. b4 f5 32. Bxd4 exd4 33. exf5 gxf5
34. Nc6 Bf8 35. Nxd4 Bxc5 36. bxc5 Rxc5 37. Kf2 Kg7 38. f4 Ra5 39. Rd2 Kf6 40.
Nc6 Ra6 41. Ne5 Be6 42. Nd7+ Bxd7 43. Rxd7 h6 44. Rd3 Ra2+ 45. Kg3 Rb2 46. Rd6+
Kg7 47. Kh3 Rf2 48. g3 Ra2 49. Rd1 Kg6 50. Rg1 Ra6 51. Rg2 Rb6 52. Re2 Ra6 53.
Kh4 Rb6 54. Re5 Rb2 55. Re6+ Kg7 56. Kh3 Ra2 57. Re1 Kg6 58. Rg1 Ra6 59. Rg2
Rb6 60. Kh4 Ra6 61. Rb2 Rc6 62. h3 Rc3 63. g4 Rf3 64. Rb6+ Kg7 65. Rb5 Kg6 66.
g5 Rxf4+ 1/2-1/2

[Event "Europa ch 2014"]
[Site "Yerevan ARM"]
[Date "2014.03.03"]
[Round "1.106"]
[White "Stukopin, Andrey"]
[Black "Babayan, Armine"]
[Result "1-0"]
[WhiteElo "2544"]
[BlackElo "2085"]
[PlyCount "63"]
[EventDate "2014.03.03"]
[EventType "swiss"]
[EventRounds "11"]
[EventCountry "ARM"]
[Source "lmi"]
[SourceDate "2014.03.02"]

1. e4 c5 2. Nf3 d6 3. d4 cxd4 4. Nxd4 Nf6 5. Nc3 a6 6. Be3 Ng4 7. Bg5 h6 8. Bh4
g5 9. Bg3 Bg7 10. h3 Ne5 11. f3 Nbc6 12. Bf2 Be6 13. Qd2 Qc7 14. h4 Nxd4 15.
Bxd4 Bf6 16. hxg5 hxg5 17. Rxh8+ Bxh8 18. O-O-O Bf6 19. Be2 b5 20. Kb1 Rc8 21.
a3 Qb7 22. g3 Rb8 23. f4 gxf4 24. gxf4 Nd7 25. Rg1 Bxd4 26. Qxd4 f6 27. Bh5+
Kd8 28. f5 Bc4 29. b3 Nc5 30. Ka2 b4 31. a4 Bxb3+ 32. cxb3 1-0

[Event "Europa ch 2014"]
[Site "Yerevan ARM"]
[Date "2014.03.03"]
[Round "1.107"]
[White "Henseler, Jorgen"]
[Black "Gabuzyan, Hovhannes"]
[Result "0-1"]
[WhiteElo "2075"]
[BlackElo "2537"]
[PlyCount "140"]
[EventDate "2014.03.03"]
[EventType "swiss"]
[EventRounds "11"]
[EventCountry "ARM"]
[Source "lmi"]
[SourceDate "2014.03.02"]

1. e4 c5 2. Nf3 d6 3. d4 cxd4 4. Nxd4 Nf6 5. Nc3 a6 6. Bg5 Nbd7 7. Bc4 Qa5 8.
Qd2 e6 9. O-O-O h6 10. Bh4 Be7 11. Rhe1 Ne5 12. Bb3 g5 13. Bg3 Bd7 14. f4 gxf4
15. Bxf4 O-O-O 16. Kb1 Kb8 17. h3 h5 18. Nf3 Bc6 19. Nd5 Qxd2 20. Rxd2 Nxf3 21.
gxf3 Bxd5 22. exd5 e5 23. Bh2 Nh7 24. f4 Bh4 25. Ree2 exf4 26. Bxf4 Rhg8 27. c4
Bg3 28. Bxg3 Rxg3 29. c5 dxc5 30. d6 Ng5 31. Re7 Nf3 32. Rd1 Nd4 33. Bd5 Rxd6
34. Bxb7 f5 35. Rf7 Rdg6 36. a3 a5 37. Re1 Rg1 38. Rxg1 Rxg1+ 39. Ka2 a4 40.
Bd5 Nc2 41. b3 Ne3 42. Bc6 axb3+ 43. Kxb3 Rd1 44. Rd7 Rb1+ 45. Kc3 c4 46. Kd4
f4 47. Rf7 Rd1+ 48. Kc5 c3 49. Be4 c2 50. Bxc2 Nxc2 51. Rxf4 Ne3 52. Re4 Rd3
53. a4 Kb7 54. Re7+ Kb8 55. a5 Ra3 56. a6 Ra5+ 57. Kc6 Rxa6+ 58. Kb5 Ra3 59. h4
Rb3+ 60. Kc5 Rc3+ 61. Kb5 Nf5 62. Rh7 Ng3 63. Rg7 Rf3 64. Kc6 Ne2 65. Rg8+ Ka7
66. Rg7+ Ka6 67. Rg5 Rf5 68. Rxf5 Nd4+ 69. Kd6 Nxf5+ 70. Ke5 Nxh4 0-1

[Event "Europa ch 2014"]
[Site "Yerevan ARM"]
[Date "2014.03.03"]
[Round "1.109"]
[White "Barseghyan, Harutyun"]
[Black "Kotanjian, Tigran"]
[Result "0-1"]
[WhiteElo "2067"]
[BlackElo "2531"]
[PlyCount "74"]
[EventDate "2014.03.03"]
[EventType "swiss"]
[EventRounds "11"]
[EventCountry "ARM"]
[Source "lmi"]
[SourceDate "2014.03.02"]

1. d4 Nf6 2. c4 c5 3. d5 e6 4. Nc3 exd5 5. cxd5 d6 6. Nf3 g6 7. e4 Bg7 8. h3
O-O 9. Bd3 a6 10. a4 Nbd7 11. O-O Nh5 12. g4 Nhf6 13. Bf4 Qe7 14. Kg2 h5 15. g5
Nh7 16. Qd2 f6 17. h4 fxg5 18. Nxg5 Ne5 19. Be2 Nxg5 20. Bxg5 Qd7 21. Rh1 Rb8
22. a5 b5 23. axb6 Rxb6 24. f4 Ng4 25. Rh3 Qb7 26. Ra2 Bd4 27. Rf3 Nf6 28. Bxf6
Rxf6 29. Rg3 Qf7 30. f5 Kh7 31. Rg5 gxf5 32. Bxh5 Qf8 33. Ne2 Be5 34. Nf4 fxe4
35. Bg6+ Rxg6 36. Nxg6 Qf3+ 37. Kg1 Bd4+ 0-1

[Event "Europa ch 2014"]
[Site "Yerevan ARM"]
[Date "2014.03.03"]
[Round "1.110"]
[White "Paichadze, Luka"]
[Black "Kanjaryan, Vladimir"]
[Result "1-0"]
[WhiteElo "2529"]
[BlackElo "2067"]
[PlyCount "53"]
[EventDate "2014.03.03"]
[EventType "swiss"]
[EventRounds "11"]
[EventCountry "ARM"]
[Source "lmi"]
[SourceDate "2014.03.02"]

1. e4 c5 2. Nf3 e6 3. c3 Nf6 4. e5 Nd5 5. d4 cxd4 6. cxd4 b6 7. Bd3 Ba6 8. Bxa6
Nxa6 9. O-O Be7 10. Nc3 Nac7 11. Ne4 O-O 12. Qd3 f5 13. exf6 Nxf6 14. Neg5 Qe8
15. Ne5 Qh5 16. f4 h6 17. Rf3 Qe8 18. Ng6 hxg5 19. Rh3 Bd6 20. Rh8+ Kf7 21.
Nxf8 Bxf8 22. fxg5 Nfd5 23. g6+ Ke7 24. Bg5+ Kd6 25. Rc1 e5 26. Qg3 Qe6 27.
Qa3+ 1-0

[Event "Europa ch 2014"]
[Site "Yerevan ARM"]
[Date "2014.03.03"]
[Round "1.111"]
[White "Nersisyan, Garnik"]
[Black "Oral, Tomas"]
[Result "1/2-1/2"]
[WhiteElo "2063"]
[BlackElo "2528"]
[PlyCount "123"]
[EventDate "2014.03.03"]
[EventType "swiss"]
[EventRounds "11"]
[EventCountry "ARM"]
[Source "lmi"]
[SourceDate "2014.03.02"]

1. e4 c5 2. Nc3 Nc6 3. d3 g6 4. Be3 d6 5. g3 Bg7 6. Qd2 Rb8 7. Bg2 b5 8. Nge2
Nd4 9. O-O b4 10. Nd1 a5 11. c3 bxc3 12. bxc3 Nxe2+ 13. Qxe2 Ba6 14. f4 Qc7 15.
f5 Nf6 16. g4 O-O 17. Rc1 Nd7 18. c4 e6 19. g5 Be5 20. Qg4 exf5 21. exf5 Bb7
22. Nc3 Bxc3 23. Rxc3 Ne5 24. Qh3 Bxg2 25. Qxg2 Qb7 26. Qxb7 Rxb7 27. d4 cxd4
28. Bxd4 gxf5 29. Bxe5 dxe5 30. Rxf5 Re8 31. c5 Kg7 32. c6 Rc7 33. Rc5 a4 34.
a3 Kg6 35. Rfxe5 Rxe5 36. Rxe5 Rxc6 37. Re4 Rc1+ 38. Kg2 Rc2+ 39. Kg1 Kxg5 40.
Rxa4 f5 41. h4+ Kh5 42. Rb4 Kg6 43. a4 Kf6 44. Rb7 h5 45. Rb4 Ke5 46. Kf1 Ra2
47. Kg1 Rd2 48. Rc4 Rb2 49. Rc3 Ra2 50. Rc4 f4 51. Rc5+ Ke4 52. Rxh5 Ra1+ 53.
Kf2 Ra2+ 54. Kg1 Kf3 55. Rb5 Rxa4 56. Rb3+ Kg4 57. h5 Ra1+ 58. Kg2 Ra2+ 59. Kg1
Kxh5 60. Kf1 Kg4 61. Kg1 f3 62. Rb8 1/2-1/2

[Event "Europa ch 2014"]
[Site "Yerevan ARM"]
[Date "2014.03.03"]
[Round "1.112"]
[White "Nigalidze, Gaioz"]
[Black "Gaboyan, Susanna"]
[Result "1-0"]
[WhiteElo "2527"]
[BlackElo "2043"]
[PlyCount "57"]
[EventDate "2014.03.03"]
[EventType "swiss"]
[EventRounds "11"]
[EventCountry "ARM"]
[Source "lmi"]
[SourceDate "2014.03.02"]

1. Nf3 Nf6 2. c4 g6 3. Nc3 d5 4. cxd5 Nxd5 5. Qa4+ Bd7 6. Qb3 Nb6 7. d4 Bg7 8.
e4 O-O 9. Be3 Nc6 10. Rd1 Bg4 11. d5 Ne5 12. Be2 Nxf3+ 13. gxf3 Bh5 14. Rg1 Qc8
15. Nb5 Qh3 16. Nxc7 Qxh2 17. Nxa8 Qxg1+ 18. Kd2 Qg2 19. Nxb6 axb6 20. Bxb6 Rc8
21. Be3 Bxf3 22. Qxb7 Bg4 23. Bxg4 Qxg4 24. Rg1 Qxg1 25. Qxc8+ Bf8 26. Bh6
Qxf2+ 27. Kc3 Qf3+ 28. Kb4 Qxe4+ 29. Ka3 1-0

[Event "Europa ch 2014"]
[Site "Yerevan ARM"]
[Date "2014.03.03"]
[Round "1.113"]
[White "Sargsyan, Shant"]
[Black "Oparin, Grigoriy"]
[Result "1/2-1/2"]
[WhiteElo "2027"]
[BlackElo "2526"]
[PlyCount "108"]
[EventDate "2014.03.03"]
[EventType "swiss"]
[EventRounds "11"]
[EventCountry "ARM"]
[Source "lmi"]
[SourceDate "2014.03.02"]

1. d4 Nf6 2. Nf3 e6 3. c4 Bb4+ 4. Bd2 c5 5. Bxb4 cxb4 6. Nbd2 O-O 7. e3 d6 8.
Bd3 a5 9. O-O Re8 10. Qc2 Qe7 11. Rac1 b6 12. Ne4 Nbd7 13. c5 bxc5 14. dxc5
Nxc5 15. Nxc5 dxc5 16. Qxc5 Bb7 17. Qxe7 Rxe7 18. Ne5 g6 19. Rfd1 Rd8 20. a3
Rd5 21. f4 Kf8 22. axb4 axb4 23. Kf2 Ra5 24. Ra1 Rxa1 25. Rxa1 Nd7 26. Nc4 Nc5
27. Be2 Bd5 28. Nd2 Rc7 29. Rd1 Ke7 30. g3 f5 31. Ke1 Na4 32. b3 Nc3 33. Ra1
Kd6 34. Ra6+ Rc6 35. Rxc6+ Bxc6 36. Bc4 h6 37. Kf1 Be4 38. Nxe4+ Nxe4 39. Ke2
g5 40. Ke1 g4 41. Bd3 Nc5 42. Bc2 Ke7 43. Ke2 Kf6 44. Kf2 h5 45. Ke2 e5 46. Kd2
Nb7 47. Ke2 Nd6 48. Kf2 Ke6 49. fxe5 Kxe5 50. Kg2 Ne4 51. h3 Nc3 52. hxg4 hxg4
53. Kf2 Ne4+ 54. Bxe4 fxe4 1/2-1/2

[Event "Europa ch 2014"]
[Site "Yerevan ARM"]
[Date "2014.03.03"]
[Round "1.114"]
[White "Can, Emre"]
[Black "Sayadyan, Edvard"]
[Result "1-0"]
[WhiteElo "2524"]
[BlackElo "2010"]
[PlyCount "143"]
[EventDate "2014.03.03"]
[EventType "swiss"]
[EventRounds "11"]
[EventCountry "ARM"]
[Source "lmi"]
[SourceDate "2014.03.02"]

1. d4 Nf6 2. c4 g6 3. Nc3 Bg7 4. e4 d6 5. Nf3 O-O 6. Be2 e5 7. d5 a5 8. h3 Na6
9. Bg5 Qe8 10. Nd2 Nd7 11. g4 Ndc5 12. Rg1 Bd7 13. Nf1 f6 14. Be3 Kh8 15. Ng3
Qe7 16. Qd2 b6 17. h4 Rfe8 18. f3 Kg8 19. Kf2 Qf7 20. Rg2 Re7 21. Rag1 Kh8 22.
h5 g5 23. Rb1 h6 24. b3 Ree8 25. Rgg1 Qf8 26. a3 Ra7 27. Bd1 Rea8 28. Bc2 Qe8
29. Rb2 Nb8 30. Rc1 Bf8 31. Kg2 Kg8 32. Nh1 Be7 33. Nf2 Kf7 34. b4 axb4 35.
axb4 Nb7 36. Bb3 Kg7 37. Nd3 Ra6 38. Qf2 Qf8 39. Rcc2 Kh7 40. Ra2 Qc8 41. Qe2
Kg7 42. Kf2 Be8 43. Ke1 Nd8 44. Rxa6 Rxa6 45. Ra2 Rxa2 46. Qxa2 Qa6 47. Qxa6
Nxa6 48. Kd2 Nb7 49. Kc2 Bf8 50. Kb2 Kf7 51. Ka3 Ke7 52. Ba4 Bxa4 53. Kxa4 Nb8
54. Nb5 Na6 55. Na7 Nb8 56. Kb5 Nd8 57. Nb2 Kd7 58. Na4 Be7 59. Nc3 Bf8 60. Ne2
Nf7 61. Ng3 Be7 62. Nf5 Bf8 63. Bf2 Nd8 64. c5 bxc5 65. bxc5 dxc5 66. Bxc5 Bxc5
67. Kxc5 Nf7 68. Nc6 Nxc6 69. dxc6+ Ke6 70. Kb5 Nd6+ 71. Ka6 Nxf5 72. gxf5+ 1-0

[Event "Europa ch 2014"]
[Site "Yerevan ARM"]
[Date "2014.03.03"]
[Round "1.115"]
[White "Aleksanyan, Hrant"]
[Black "Lie, Kjetil A"]
[Result "0-1"]
[WhiteElo "2003"]
[BlackElo "2509"]
[PlyCount "104"]
[EventDate "2014.03.03"]
[EventType "swiss"]
[EventRounds "11"]
[EventCountry "ARM"]
[Source "lmi"]
[SourceDate "2014.03.02"]

1. d4 Nf6 2. Nf3 c5 3. d5 b5 4. c4 g6 5. cxb5 a6 6. bxa6 Bg7 7. Nc3 Bxa6 8. e4
Bxf1 9. Kxf1 d6 10. g3 Nbd7 11. Kg2 O-O 12. Qc2 Qa5 13. Rb1 Rfb8 14. Bd2 Ne8
15. h4 h5 16. a4 Qa6 17. b3 Nc7 18. Rhc1 Nf6 19. Bg5 Ng4 20. Qe2 Bxc3 21. Qxa6
Rxa6 22. Rxc3 f6 23. Bf4 Rxa4 24. Nd2 Ra2 25. Rd3 Na6 26. Kg1 Nb4 27. Rc3 Rba8
28. Rd1 Nc2 29. f3 Nd4 30. Kf1 Ne5 31. Bxe5 fxe5 32. Kf2 Rb2 33. Ke3 Rb8 34. f4
exf4+ 35. gxf4 Nxb3 36. Nxb3 R8xb3 37. Kd3 Rxc3+ 38. Kxc3 Rf2 39. e5 Rf3+ 40.
Kc4 Rxf4+ 41. Kb5 dxe5 42. Re1 c4 43. Rxe5 Kf7 44. Kc6 Rf6+ 45. Kc5 c3 46. Re2
Rf4 47. Rc2 Rxh4 48. Rxc3 Rf4 49. Kc6 g5 50. Re3 Rf6+ 51. Kc5 g4 52. Re5 g3 0-1

[Event "Europa ch 2014"]
[Site "Yerevan ARM"]
[Date "2014.03.03"]
[Round "1.116"]
[White "Neverov, Valeriy"]
[Black "Kleinert, Juergen"]
[Result "1-0"]
[WhiteElo "2508"]
[BlackElo "2000"]
[PlyCount "61"]
[EventDate "2014.03.03"]
[EventType "swiss"]
[EventRounds "11"]
[EventCountry "ARM"]
[Source "lmi"]
[SourceDate "2014.03.02"]

1. c4 c5 2. Nf3 Nc6 3. Nc3 Nf6 4. g3 g6 5. Bg2 Bg7 6. d4 cxd4 7. Nxd4 Nxd4 8.
Qxd4 O-O 9. O-O d6 10. Qd3 Nd7 11. b3 Nc5 12. Qe3 Bd7 13. Bd2 Bc6 14. Rac1 Bxg2
15. Kxg2 Qd7 16. Rfd1 Rfe8 17. Qf3 Bxc3 18. Bxc3 Qc6 19. Rd5 f5 20. Bb2 Ne4 21.
Kg1 e5 22. Qe3 Re6 23. Rcd1 Nf6 24. Ba3 Nxd5 25. cxd5 Qa6 26. dxe6 Qxa3 27. Qd2
Re8 28. Rc1 Rxe6 29. Rc7 d5 30. Qxd5 Qd6 31. Qxb7 1-0

[Event "Europa ch 2014"]
[Site "Yerevan ARM"]
[Date "2014.03.03"]
[Round "1.117"]
[White "Karapetyan, Lusine"]
[Black "Antipov, Mikhail Al"]
[Result "0-1"]
[WhiteElo "1985"]
[BlackElo "2507"]
[PlyCount "23"]
[EventDate "2014.03.03"]
[EventType "swiss"]
[EventRounds "11"]
[EventCountry "ARM"]
[Source "lmi"]
[SourceDate "2014.03.02"]

1. c4 Nf6 2. Nf3 b6 3. g3 Bb7 4. Bg2 e6 5. O-O Be7 6. Nc3 d5 7. d4 O-O 8. cxd5
Nxd5 9. Ne5 Nd7 10. Nxd7 Qxd7 11. e4 Nxc3 12. bxc3 0-1

[Event "Europa ch 2014"]
[Site "Yerevan ARM"]
[Date "2014.03.03"]
[Round "1.118"]
[White "Quparadze, Giga"]
[Black "Yayloyan, Konstantin"]
[Result "1/2-1/2"]
[WhiteElo "2507"]
[BlackElo "1963"]
[PlyCount "118"]
[EventDate "2014.03.03"]
[EventType "swiss"]
[EventRounds "11"]
[EventCountry "ARM"]
[Source "lmi"]
[SourceDate "2014.03.02"]

1. e4 e6 2. d3 d5 3. Nd2 Nf6 4. Ngf3 b6 5. g3 dxe4 6. dxe4 Bc5 7. Bb5+ Nbd7 8.
O-O Bb7 9. Qe2 O-O 10. Bd3 e5 11. Nc4 Re8 12. a3 a5 13. Bd2 a4 14. Rad1 Qe7 15.
Ne3 Bxe3 16. Qxe3 Nc5 17. Bb4 Bxe4 18. Bxe4 Nfxe4 19. Rfe1 Qf6 20. Bxc5 Nxc5
21. Nxe5 Qf5 22. Qf3 Qxf3 23. Nxf3 Rxe1+ 24. Nxe1 Kf8 25. Kf1 Ke7 26. Ke2 Ra5
27. Nf3 Rb5 28. Rb1 Ne6 29. h4 h5 30. Nd2 Re5+ 31. Kf1 Rd5 32. Ne4 Rd4 33. Re1
g6 34. Nc3 Rd2 35. Re2 Rxe2 36. Kxe2 Nc5 37. Ke3 Ke6 38. Kd4 c6 39. f3 Kd6 40.
g4 f5 41. gxh5 gxh5 42. Ne2 Ne6+ 43. Ke3 Ke5 44. f4+ Kd6 45. Ng3 Ng7 46. Kd3
Kd5 47. b3 axb3 48. cxb3 c5 49. a4 Kd6 50. Kc4 Kc6 51. b4 cxb4 52. Kd4 Kd6 53.
Kc4 Kc6 54. Kd4 Kd6 55. Ne2 Ne6+ 56. Kc4 Kc6 57. Kxb4 Kd6 58. Kc4 Kc6 59. Ng3
Ng7 1/2-1/2

[Event "Europa ch 2014"]
[Site "Yerevan ARM"]
[Date "2014.03.03"]
[Round "1.119"]
[White "Kuehn, Matthias"]
[Black "Rozum, Ivan"]
[Result "0-1"]
[WhiteElo "1957"]
[BlackElo "2505"]
[PlyCount "74"]
[EventDate "2014.03.03"]
[EventType "swiss"]
[EventRounds "11"]
[EventCountry "ARM"]
[Source "lmi"]
[SourceDate "2014.03.02"]

1. e4 d5 2. Nc3 dxe4 3. Nxe4 Bf5 4. Ng3 Bg6 5. f4 e6 6. Nf3 Nd7 7. d4 Bd6 8.
Bd3 Ne7 9. O-O O-O 10. Ne4 Nf6 11. Nfg5 Ned5 12. Ng3 Bxd3 13. Qxd3 c5 14. N3e4
cxd4 15. Nxd6 Qxd6 16. Qxd4 Rfd8 17. c4 Nb4 18. Qxd6 Rxd6 19. Be3 Nc2 20. Bc5
Rc6 21. Rac1 Rxc5 22. Rxc2 Rac8 23. b3 h6 24. Nf3 Nd5 25. Re2 Nxf4 26. Re4 Ng6
27. Nd4 Rd8 28. h4 Re5 29. Rg4 h5 30. Rxg6 fxg6 31. Nf3 Re2 32. a3 e5 33. Ng5
Rdd2 34. Kh2 Rxg2+ 35. Kh3 Rge2 36. Ne6 Rd3+ 37. Rf3 Rxf3# 0-1

[Event "Europa ch 2014"]
[Site "Yerevan ARM"]
[Date "2014.03.03"]
[Round "1.120"]
[White "Zoler, Dan"]
[Black "Danielyan, Vahe"]
[Result "1-0"]
[WhiteElo "2504"]
[BlackElo "1919"]
[PlyCount "65"]
[EventDate "2014.03.03"]
[EventType "swiss"]
[EventRounds "11"]
[EventCountry "ARM"]
[Source "lmi"]
[SourceDate "2014.03.02"]

1. d4 d5 2. c4 dxc4 3. Nf3 Nf6 4. e3 e6 5. Bxc4 a6 6. a4 b6 7. O-O Bb7 8. Nc3
Bb4 9. Qe2 Nbd7 10. Rd1 O-O 11. Bd2 c5 12. Be1 Qb8 13. h3 cxd4 14. Nxd4 Bd6 15.
Rac1 Ne5 16. Ba2 Ng6 17. Nf3 Nh5 18. Bb1 f5 19. Ba2 Rf6 20. Rd4 f4 21. e4 Bc5
22. Rd7 Nf8 23. Rdd1 Qe8 24. Qd3 Qg6 25. Bb1 Rc8 26. e5 Rf5 27. Ne4 Be7 28. Qb3
Bd5 29. Rxd5 exd5 30. Qxd5+ Qe6 31. Qxe6+ Nxe6 32. Ba2 Bf8 33. Bxe6+ 1-0

[Event "Europa ch 2014"]
[Site "Yerevan ARM"]
[Date "2014.03.03"]
[Round "1.121"]
[White "Mkrtchyan, Sargis R"]
[Black "Popilski, Gil"]
[Result "0-1"]
[WhiteElo "1909"]
[BlackElo "2503"]
[PlyCount "60"]
[EventDate "2014.03.03"]
[EventType "swiss"]
[EventRounds "11"]
[EventCountry "ARM"]
[Source "lmi"]
[SourceDate "2014.03.02"]

1. d4 Nf6 2. c4 g6 3. Nc3 d5 4. Nf3 Bg7 5. Bf4 O-O 6. e3 Be6 7. Rc1 dxc4 8. Ng5
Bd5 9. Nxd5 Nxd5 10. Bxc4 Nxf4 11. Qf3 Nxg2+ 12. Qxg2 c6 13. h4 e6 14. h5 Qe7
15. hxg6 hxg6 16. f4 Nd7 17. Ke2 Rfd8 18. Rh3 Nf6 19. Rch1 Qb4 20. Bb3 Kf8 21.
Nxe6+ fxe6 22. Qxg6 Qb5+ 23. Kf2 Qf5 24. Rg1 Qxg6 25. Rxg6 Re8 26. Kf3 Rad8 27.
Rhg3 Bh8 28. R3g5 Ke7 29. e4 Rxd4 30. e5 Ne4 0-1

[Event "Europa ch 2014"]
[Site "Yerevan ARM"]
[Date "2014.03.03"]
[Round "1.122"]
[White "Aghasaryan, Robert"]
[Black "Porfireanu, Serban"]
[Result "1-0"]
[WhiteElo "2503"]
[BlackElo "1903"]
[PlyCount "82"]
[EventDate "2014.03.03"]
[EventType "swiss"]
[EventRounds "11"]
[EventCountry "ARM"]
[Source "lmi"]
[SourceDate "2014.03.02"]

1. d4 Nf6 2. c4 e6 3. Nc3 d5 4. Nf3 c6 5. Bg5 Be7 6. e3 O-O 7. Bd3 Nbd7 8. O-O
dxc4 9. Bxc4 Nb6 10. Bd3 Nfd5 11. Bxe7 Qxe7 12. Rc1 Nd7 13. e4 Nf4 14. e5 f5
15. exf6 gxf6 16. Be4 f5 17. Bc2 Qg7 18. g3 b6 19. Qd2 Nh5 20. Qg5 Qxg5 21.
Nxg5 Kg7 22. Bb3 Ndf6 23. Rfe1 Re8 24. Ne2 h6 25. Nf3 Bb7 26. Ne5 Rac8 27. Ba4
b5 28. Bb3 Nd5 29. a3 a5 30. Rc5 b4 31. Rxa5 bxa3 32. bxa3 Ra8 33. Rxa8 Rxa8
34. a4 Nb6 35. Ra1 Kf8 36. Nf4 Ke7 37. a5 Nd7 38. Nxd7 Kxd7 39. Nd3 Kd6 40. Bc4
Ba6 41. f4 Bc8 1-0